000 00724nam a2200169Ia 4500
003 GCL
008 140319s9999 xx 000 0 ara d
040 _aGCL /
_cGCL
082 0 4 _a250
_bح ا
100 1 _aابن حزم : ابومحمد على بن احمد بن سعيد بن حزم بن غالب بن صالح الظاهرى
245 1 0 _aالاحكام فى اصول الاحكام /
_cابن حزم : ابومحمد على بن احمد بن سعيد بن حزم بن غالب بن صالح الظاهرى
260 _aبيروت :
_bدار الجيل
300 _a8 اجزاء فى مجلدين ؛
_c24 سم
650 0 4 _aالاحكام الشرعية
650 0 4 _aالفقه الاسلامى
942 _2ddc
_cBK
999 _c37481
_d37481